000 00843nam a2200265Ia 4500
003 OSt
005 20220928124000.0
006 a|||||r|||| 00| 0
007 ta
008 220927b |||||||| |||| 00| 0 eng d
020 _cEURO 66.99
024 _a132684
037 _b241, 09/03/2017, Classic Book Service
_cTextual
040 _aSDCL
_cSDCL
_beng
041 _2eng
_aeng
082 _aB28, Q6
100 _aMacFarland Thomas W.
_9462974
245 0 _aIntroduction to nonparametric statistics for the biological sciences using R
260 _aAG
_bSwitzerland Springer
_c2016
300 _axv,329p.
_ccm.
650 _aFinancial Studies
700 _a Yates Jan M.
_9462975
942 _hB28, Q6
_cTEXL
_2CC
999 _c775925
_d775925